Logo BPK

Biblioteka

Politechniki Koszalińskiej

Osnovy rakuumnoj piroselekcii polimetalliceskogo syrja / (Rekord nr 15732)

Szczegóły MARC
000 -ETYKIETA REKORDU
podpole kontrolne o stałej długości 00430nam a2200157 i 4500
001 - NUMER KONTROLNY REKORDU
pole kontrolne bg
040 ## - ŹRÓDŁO KATALOGOWANIA
Instytucja, która utworzyła rekord BPK
041 ## - KOD JĘZYKA
Kod języka tekstu pol
008 - POLE O STAŁEJ DŁUGOŚCI - DANE KONTROLNE
podpole kontrolne o stałej długości s pl f |000 0 pol
100 1# - NAZWA OSOBOWA
Nazwa osobowa ISAKOVA, R. A.
245 #0 - TYTUŁ/ODPOWIEDZIALNOŚĆ
Tytuł Osnovy rakuumnoj piroselekcii polimetalliceskogo syrja /
Pozostałe elementy strefy tytułu i oznaczenia odpowiedzialności R.A. Isakova, V.N. Nesterov, D.S. Celohsaev.
260 ## - STREFA ADRESU WYDAWNICZEGO
Miejsce wydania Alma-Ata,
Data publikacji, dystrybucji/powstania dokumentu 1973.
700 1# - HASŁO DODATKOWE - NAZWA OSOBOWA
Nazwa osobowa NESTEROV, V. N.
700 1# - HASŁO DODATKOWE - NAZWA OSOBOWA
Nazwa osobowa CELOHSAEV, D. S.
856 ## - LOKALIZACJA I DOSTĘP DO ELEKTRONICZNYCH DOKUMENTÓW ZDALNYCH
Link (URL) http://koha.tu.koszalin.pl/cgi-bin/koha/opac-detail.pl?biblionumber=15732
Tekst linku Katalog online BPK
942 ## - DODATKOWE ELEMENTY (KOHA)
Typ dokumentu Książka
Egzemplarze
Wycofany Status egzemplarza Uszkodzony Dostępność Lokalizacja stała Lokalizacja bieżąca Miejsce przechowywania Sygnatura Kod kreskowy Typ dokumentu
      Dostępny Biblioteka Politechniki Koszalińskiej Biblioteka Politechniki Koszalińskiej Wypożyczalnia BG 16575 01736359 Książka
© 2023 Biblioteka Politechniki Koszalińskiej :: KOHA